Catálogo
 En Linea

Réportaj nan pié poto pandézon-an / (Registro nro. 30405)

Detalles MARC
000 -CABECERA
campo de control de longitud fija 00602nam a2200181 a 4500
001 - NÚMERO DE CONTROL
campo de control 000030913
005 - FECHA Y HORA DE LA ÚLTIMA TRANSACCIÓN
campo de control 20200930062603.0
008 - DATOS DE LONGITUD FIJA--INFORMACIÓN GENERAL
campo de control de longitud fija 110606s1948 dr 000 0 spa d
040 ## - FUENTE DE LA CATALOGACIÓN
Centro catalogador/agencia de origen DO-SdBNP
100 1# - ENTRADA PRINCIPAL--NOMBRE DE PERSONA
Nombre de persona Fucik, Julius
9 (RLIN) 57430
245 #0 - MENCIÓN DE TÍTULO
Título Réportaj nan pié poto pandézon-an /
Mención de responsabilidad, etc. Julius Fucik ; prólogo R. Chérilus.
260 ## - PUBLICACIÓN, DISTRIBUCIÓN, ETC.
Lugar de publicación, distribución, etc. Santo Domingo :
Nombre del editor, distribuidor, etc. Editora Taller,
Fecha de publicación, distribución, etc. 1948.
300 ## - DESCRIPCIÓN FÍSICA
Extensión 105 p. ;
Dimensiones 23 cm.
490 1# - MENCIÓN DE SERIE
Mención de serie Biblioteca Taller
Designación de volumen o secuencia 128
500 ## - NOTA GENERAL
Nota general Incluye referencias bibliográficas y notas al pie de
700 1# - PUNTO DE ACCESO ADICIONAL--NOMBRE DE PERSONA
Nombre de persona Chérilus, R.
Término indicativo de función/relación pról.
9 (RLIN) 57431
830 #0 - PUNTO DE ACCESO ADICIONAL DE SERIE-TÍTULO UNIFORME
Título uniforme Biblioteca Taller
Designación de volumen o secuencia 128
9 (RLIN) 164
Existencias
Estado de retiro Estado de pérdida Restricciones de uso No para préstamo Código de colección Localización permanente Ubicación/localización actual Ubicación en estantería Fecha de adquisición Número de inventario Total de préstamos Signatura topográfica completa Código de barras Fecha visto por última vez Número de copia Precio válido a partir de Tipo de ítem Koha
      Excluido de préstamo Raros y valiosos Patrimonio Dominicano Patrimonio Dominicano En catalogación 06.06.2011 LF1   30913-10 25.06.2020 e. 2 25.06.2020 No se presta
      Excluido de préstamo Raros y valiosos Patrimonio Dominicano Patrimonio Dominicano En catalogación 06.06.2011 LF1   30913-20 25.06.2020   25.06.2020 No se presta

Con tecnología Koha